the hardest undertale quiz i think???? - Statistics

General Stats
  • This quiz has been taken 439 times
  • The average score is 9 of 15
Answer Stats
Hint Answer % Correct
the first character you meet flowey
100%
the strongest monster of all sans
94%
easy. the one who likes to say NYEH HEH HEH! papyrus
92%
the last boss that you might fight asriel
90%
the evil character chara
87%
the boss in the neutral end omega flowey
84%
the nicest main character toriel
81%
the mad dummy's theme dummy!
66%
the one who cry cry cries napstablook
65%
toriel's theme heartache
64%
undyne the undying's theme battle against a true hero
61%
the one who only has to stay determiend to live and has 1 health undyne the undying
20%
the one who talks by saying "..." grillby
13%
undyne's theme's NGAHH! and spear of justice
0%
the three people that is determiend undyne,sans,frisk and chara.
0%
No matching quizzes found
Score Distribution
Percent of People with Each Score
Percentile by Number Answered
Your Score History
You have not taken this quiz